Manažment rizika v podniku
Gespeichert in:
| 1. Verfasser: | |
|---|---|
| Weitere Verfasser: | , , |
| Format: | Buch |
| Sprache: | Slowakisch |
| Veröffentlicht: |
Žilina
EDIS-vydavateľstvo Žilinskej univerzity
2012
|
| Ausgabe: | 1. vyd. |
| Schlagworte: | |
| Tags: |
Keine Tags, Fügen Sie das erste Tag hinzu!
|
MARC
| LEADER | 00000nam a2200000 4500 | ||
|---|---|---|---|
| 001 | 0234523 | ||
| 005 | 20240226122547.2 | ||
| 020 | |a 978-80554-0459-2 | ||
| 041 | 0 | |a slo | |
| 044 | |a SK | ||
| 245 | 1 | 0 | |a Manažment rizika v podniku |c Katarína Buganová, Mária Hudáková a kol. |
| 250 | |a 1. vyd. | ||
| 264 | 1 | |a Žilina |b EDIS-vydavateľstvo Žilinskej univerzity |c 2012 | |
| 300 | |a 226 s. |e 1 CD-ROM | ||
| 610 | 2 | 0 | |a riziko podnikateľské |
| 610 | 2 | 0 | |a riadenie rizík |
| 610 | 2 | 0 | |a podnikanie |
| 610 | 2 | 0 | |a podnik |
| 610 | 2 | 0 | |a opatrenia racionalizačné |
| 610 | 2 | 0 | |a projekty |
| 610 | 2 | 0 | |a kríza podniku |
| 610 | 2 | 0 | |a manažment krízový |
| 610 | 2 | 0 | |a kontroling |
| 610 | 2 | 0 | |a koncepcie |
| 610 | 2 | 0 | |a cash flow |
| 610 | 2 | 0 | |a audit interný |
| 100 | 1 | |a Buganová, Katarína | |
| 700 | 1 | |a Hudáková, Mária | |
| 700 | 1 | |a Strelcová, Stanislava | |
| 700 | 1 | |a Klučka, Jozef | |